Spell the Marvel Character #86 - Statistics

General Stats
  • This quiz has been taken 18 times
  • The average score is 4 of 6
Answer Stats
Picture Answer % Correct
Moon Knight
100%
Lockheed
92%
Old Lace
77%
Uranian
77%
Xolum
38%
Xenon
23%
No matching quizzes found
Score Distribution
Percent of People with Each Score
Percentile by Number Answered
Your Score History
You have not taken this quiz